000 00668nam a2200229Ia 4500
005 20260430150039.0
008 008 250103s9999 xx 000 0 eng d
037 _aTheses
040 _aCRL
040 _beng
040 _ceng
041 _2eng
041 _aeng
084 _qCRL
100 _aPatanjali Preeti Au.; D. Uma Devi Gu.
_91236290
245 0 _aMapping the re-presentation of women characters from the Mahabharata in select Indian novels
260 _c2022
300 _a272p.
700 _aUniversity of Delhi. Arts Faculty. Department of Modern Indian Languages and Literary Studies
_91236291
942 _cTH
999 _c1848814
_d1848814